000 00902cam a22002893a 4500
001 13405
003 PGUSA
005 20140828083304.0
008 040909s2004||||xxu|||||s|||||000 1 eng d
040 _aPGUSA
_beng
042 _adc
050 4 _aPR
100 1 _aMarryat, Frederick,
_d1792-1848
245 1 4 _aThe Travels and Adventures of Monsieur Violet in California, Sonora, and Western Texas
_h[electronic resource] /
_cFrederick Marryat
260 _bProject Gutenberg,
_c2004
506 _aPublic domain in the USA.
516 _aElectronic text
653 _aWestern stories
653 _aTravelers -- Fiction
653 _aAdventure stories
653 _aHistorical fiction
653 _aFrench -- West (U.S.) -- Fiction
653 _aIndians of North America -- Fiction
830 0 _aProject Gutenberg
_v13405
856 4 0 _uhttp://www.gutenberg.org/ebooks/13405
942 _cEB
999 _c242660
_d242660